Loading...
| Literature - American Literature | 2 | 2 | 2 | 0 | 40 | 68 | 82.00 | 2 | 4 |
| Literature - World Literature | 0 | 4 | 1 | 0 | 35 | 89 | 99.50 | 0 | 2 |
| Literature - British Literature | 1 | 2 | 0 | 0 | 35 | 43 | 93.00 | 1 | 3 |
| Philosophy | 0 | 3 | 0 | 0 | 30 | 85 | 96.67 | 0 | 1 |
| Literature - European Literature | 1 | 2 | 2 | 0 | 25 | 35 | 64.00 | 1 | 2 |
| Fine Arts - Visual Fine Arts | 0 | 2 | 0 | 0 | 20 | 72 | 82.00 | 1 | 2 |
| Science - Chemistry | 1 | 1 | 1 | 0 | 20 | 22 | 47.00 | 1 | 1 |
| Science - Other Science | 1 | 0 | 0 | 0 | 15 | 68 | 68.00 | 0 | 1 |
| Religion | 0 | 1 | 0 | 0 | 10 | 62 | 62.00 | 0 | 1 |
| Other Academic | 0 | 1 | 0 | 0 | 10 | 90 | 90.00 | 0 | 1 |
| History - American History | 0 | 1 | 0 | 0 | 10 | 123 | 123.00 | 0 | 0 |
| Fine Arts - Other Fine Arts | 0 | 1 | 0 | 0 | 10 | 80 | 80.00 | 0 | 1 |
| Fine Arts - Auditory Fine Arts | 1 | 0 | 1 | 0 | 10 | 85 | 85.00 | 0 | 1 |
| History - Other History | 0 | 0 | 1 | 0 | -5 | 0.00 | 0 | 0 | |
| Science - Biology | 0 | 0 | 3 | 0 | -15 | 0.00 | 0 | 0 |